Maintenance engineering and management/ (Record no. 8227)

MARC details
000 -LEADER
fixed length control field 00552 a2200181 4500
010 ## - LCCN (DPL NO)
LC control number ENG-88352
020 ## - INTERNATIONAL STANDARD BOOK NUMBER
Terms of availability 225.00
International Standard Book Number 8120331303
035 ## - SYSTEM CONTROL NUMBER
System control number EN-71885
037 ## - SOURCE OF ACQUISITION
Source of stock number/acquisition DBAD / PUB
082 00 - DEWEY DECIMAL CLASSIFICATION NUMBER
Classification number 620.0046
100 ## - MAIN ENTRY--PERSONAL NAME
Personal name Venkataraman, K.
245 10 - TITLE STATEMENT
Title Maintenance engineering and management/
Statement of responsibility, etc by K.Venkataraman
260 ## - PUBLICATION, DISTRIBUTION, ETC. (IMPRINT)
Place of publication, distribution, etc New Delhi
Name of publisher, distributor, etc Prentice-Hall of India
Date of publication, distribution, etc 2007
270 ## - ADDRESS
City New Delhi
Postal code 110 001
Address M-97, Connaught Circus
300 ## - PHYSICAL DESCRIPTION
Extent xiii, 234p.
Dimensions 23cm (pbk)
500 ## - GENERAL NOTE
General note Includes index
942 ## - ADDED ENTRY ELEMENTS (KOHA)
Institution code [OBSOLETE] dpl
Item type English Books
Source of classification or shelving scheme Dewey Decimal Classification
Classification part 620.0046
Call number suffix VEN
Holdings
Withdrawn status Lost status Not for loan Collection code Home library Current library Source of acquisition Cost, normal purchase price Full call number Barcode Copy number Cost, replacement price Koha item type
    Not For Loan Non-fiction D.B.Act.Division D.B.Act.Division DBAD/PUB 225.00 620.0046 VEN EN-71885 1 225.00 English Books

© Delhi Public Library
Hit Counter
free hit counter